Tristana / (Record no. 13055)
[ view plain ]
| 000 -LEADER | |
|---|---|
| campo di controllo lung. fissa | 00961nam a22002657i 4500 |
| 001 - Numero di controllo | |
| campo di controllo | IT\ICCU\VIA\0140791 |
| 003 - Identificatore del numero di controllo | |
| campo di controllo | ItRI |
| 005 - Data e orario dell'ultima transazione | |
| campo di controllo | 20260115231859.0 |
| 008 - Elementi di lunghezza fissa--Informazione generale | |
| campo di controllo lung. fissa | 060808s2006 it |||||| ||||| |||||c |
| 020 ## - ISBN (International Standard Book Number) | |
| ISBN (International Standard Book Number) | 8811364752 |
| 020 ## - ISBN (International Standard Book Number) | |
| ISBN (International Standard Book Number) | 9788811364757 |
| 040 ## - Fonte della catalogazione | |
| Lingua della catalogazione | ita |
| Agenzia che fa la trascrizione | importazione bologna sebina |
| 041 #7 - Codice di lingua | |
| Codice di lingua del testo/traccia sonora o titolo separato | ita |
| Fonte del codice | ISO-639-2 |
| 082 ## - Numero di classificazione Decimale Dewey | |
| Numero di classificazione | 863.5 |
| -- | NARRATIVA SPAGNOLA, 1800-1899 |
| Numero dell'edizione | 21 |
| 100 1# - Accesso principale -- nome di persona | |
| Nome di persona | Pérez Galdós, Benito |
| Numero del record di authority o numero standard | IT\ICCU\CFIV\062471 |
| Relazione: | aut |
| 240 10 - Titolo uniforme | |
| Titolo uniforme | Tristana |
| -- | IT\ICCU\BVE\0029973 |
| 9 (RLIN) | Pérez Galdós, Benito |
| 245 10 - Formulazione del titolo | |
| Titolo | Tristana / |
| Formulazione di responsabilità, ecc. | Benito Perez Galdos ; introduzione e traduzione di Irina Bajini. |
| 250 ## - Formulazione di edizione | |
| Formulazione di edizione | 2. ed |
| 260 ## - Pubblicazione, distribuzione, ecc. (stampa) | |
| Luogo di pubblicazione, distribuzione, ecc. | Milano : |
| Nome dell'editore, distributore, ecc. | Garzanti Libri, |
| Data di pubblicazione, distribuzione, ecc. | °2006! |
| 300 ## - Descrizione fisica | |
| Estensione | XXIV, 158 p. : |
| Altre particolarità fisiche | 1 ritr. ; |
| Dimensioni | 18 cm. |
| 700 1# - Accesso aggiunto--nome di persona | |
| Nome di persona | Bajini, Irina |
| Numero del record di authority o numero standard | IT\ICCU\CFIV\082189 |
| 790 1# - | |
| -- | Galdós Pérez, Benito |
| -- | IT\ICCU\BVEV\007486 |
| -- | Pérez Galdós, Benito |
| 830 #2 - Accesso aggiunto di serie--titolo uniforme | |
| Titolo uniforme | I grandi libri Garzanti ; |
| Numero del volume/designazione di sequenza | 475 |
| Numero del record di authority o numero standard | IT\ICCU\CFI\0000048 |
| 942 ## - Dati aggiuntivi (Koha) | |
| Fonte della classificazione o dello schema di collocazione (segnatura) | Classificazione decimale Dewey |
| Tipo copia default (Koha) | Libri |
| Nasconto in Opac | No |
| Status ritirato | Status smarrito: | Status danneggiato: | Escluso dal prestito | Biblioteca di appartenenza | Biblioteca corrente | Data di acquisti | Numero d'inventario | Totale prestiti | Collocazione | Codice a barre | Data ultima revisione | Prezzo effettivo da | Tipo copia default (Koha) | Nota pubblica |
|---|---|---|---|---|---|---|---|---|---|---|---|---|---|---|
| BOLOGNA | Centro di Documentazione "Flavia Madaschi" Cassero LGBTQIA+ Center | BOLOGNA | Centro di Documentazione "Flavia Madaschi" Cassero LGBTQIA+ Center | 15/01/2026 | 12844 | DOC 863.5 GAL | BO12844 | 15/01/2026 | 15/01/2026 | Libri | 1 v. |